鶴橋から出る鉄道の列車の行き先 - Statistics

General Stats
  • This quiz has been taken 147 times
  • The average score is 34 of 39
Answer Stats
Hint Answer % Correct
大阪環状線 天王寺
100%
大阪環状線 大阪
100%
阪和線 和歌山
98%
関西空港線 関西空港
98%
大和路線 奈良
97%
近鉄奈良線 近鉄奈良
97%
近鉄奈良線 大和西大寺
95%
近鉄名古屋線 近鉄名古屋
95%
近鉄鳥羽線 鳥羽
95%
JRゆめ咲線 桜島
94%
近鉄難波線 大阪難波
94%
近鉄志摩線 賢島
94%
阪和線 日根野
93%
阪神なんば線 尼崎
92%
阪神本線 神戸三宮
92%
近鉄京都線 京都
91%
近鉄大阪線 伊勢中川
89%
近鉄山田線 宇治山田
89%
大和路線 加茂
88%
近鉄大阪線 大阪上本町
88%
きのくに線 御坊
87%
近鉄大阪線 大和八木
87%
近鉄大阪線 青山町
84%
近鉄奈良線 石切
83%
近鉄山田線 松阪
83%
近鉄奈良線 東花園
82%
近鉄大阪線 名張
82%
近鉄大阪線 五位堂
81%
近鉄鳥羽線 五十鈴川
81%
和歌山線 高田
80%
近鉄大阪線 榛原
79%
地下鉄千日前線 野田阪神
78%
和歌山線 五条
77%
地下鉄千日前線 南巽
77%
近鉄奈良線 東生駒
75%
近鉄大阪線 高安
74%
阪和線 東岸和田
73%
近鉄大阪線 大和朝倉
73%
近鉄大阪線 河内国分
70%
No matching quizzes found
Score Distribution
Percent of People with Each Score
Percentile by Number Answered
Your Score History
You have not taken this quiz